00442nam a22001337a 450000500170000000800410001704100130005808200150007110000130008624500960009926000610019530000260025665000260028220231115065704.0231115b |||||||| |||| 00| 0 eng d aEnglish  a344.5 BRO  lEnglish  aBroadcasting Laws : bDocuments on Politics and Society in the Federal Republic of Germany  aGermany : bInter Nationes, Editorial Department, c1989 b222 pages ; c22 cm.  aLegal practice bLaw